| 000 | 00553nam a2200217Ia 4500 | ||
|---|---|---|---|
| 003 | OSt | ||
| 005 | 20230505144819.0 | ||
| 008 | 210423s1999 xx 000 0 und d | ||
| 020 | _a- | ||
| 040 | _cAL | ||
| 041 | _aeng | ||
| 082 |
_a574.87328 _223 _bGOLG |
||
| 100 |
_aGOLDBERG (Joanna B) Ed. _998856 |
||
| 245 | _aGenetics of bacterial polysaccharides | ||
| 260 |
_aLondon _bCRC Press _c1999 |
||
| 300 |
_a232 _bBound |
||
| 365 | _cINR | ||
| 650 |
_aCell Biology _998857 |
||
| 906 | _abacterial ; Genetics ; polysaccharides. | ||
| 942 |
_2ddc _cBK |
||
| 999 |
_c171284 _d171284 |
||